|
|
|
|
| LEADER |
00000nab a2200000 a 4500 |
| 001 |
vtls000512867 |
| 003 |
SK-MaSNL |
| 005 |
20260304024225.0 |
| 008 |
140228c1994 xo 0 slo |
| 015 |
|
|
|a SNBRB19rr/mm-uuuuu
|
| 035 |
|
|
|a CL0513005
|
| 040 |
|
|
|a SNKBUCL
|b slo
|c SNKBUCL
|e AACR2
|
| 041 |
0 |
|
|a slo
|
| 044 |
|
|
|a xo
|c SK
|
| 080 |
|
|
|a 338.46(437.6):339.92:061.1
|2 1981
|
| 080 |
|
|
|a 339.92:061.1
|2 1981
|
| 080 |
|
|
|a 331.5
|2 1981
|
| 100 |
1 |
|
|a Michalová, V.
|4 aut
|9 589781
|
| 245 |
1 |
0 |
|a Priestor pre nové ekonomické stratégie
|c V. Michalová
|
| 300 |
|
|
|b Tab. 3
|
| 650 |
0 |
7 |
|a verejný sektor
|2 snkbucl
|9 31777
|
| 650 |
0 |
7 |
|a zamestnanosť
|2 snkbucl
|9 2209
|
| 650 |
0 |
7 |
|a Organizácia pre ekonomickú spoluprácu a rozvoj (OECD)
|2 snkbucl
|9 972296
|
| 655 |
|
7 |
|a články z novín a časopisov
|2 snkbucl
|9 267496
|
| 773 |
0 |
|
|t Hospodárske noviny
|g Č. 25 (7. 2. 1994), s. 8
|x 0862-9567
|
| 850 |
|
|
|a Slovenská národná knižnica v Martine
|a MTA001
|
| 852 |
|
|
|a SNK
|b KIS3GCP
|
| 958 |
|
|
|a RK
|
| 992 |
|
|
|a RBX
|
| 999 |
|
|
|c 2620682
|d 2622612
|